| 000 | 01321nam a2200217Ia 4500 | ||
|---|---|---|---|
| 003 | Ost | ||
| 005 | 20260507075635.0 | ||
| 008 | 260507s9999||||xx |||||||||||||| ||und|| | ||
| 040 | _cfsecg | ||
| 041 | _aara | ||
| 082 | _a657.7 | ||
| 100 |
_aالقباني، ثناء علي _eمؤلف |
||
| 245 | 0 |
_aمحاسبة التكاليف والمحاسبة الإدارية في المشروعات السياحية والفندقية / _c ثناء علي القباني |
|
| 260 |
_aالإسكندرية: _bالدار الجامعية, _c2002 |
||
| 300 |
_a400 صفحة؛ _bإيضاحات ؛ _c24 سم |
||
| 520 | _aمحاسبة التكاليف في المنشآت السياحية والفندقية- تخصيص التكاليف غير المباشرة وتحليل الإنحرافات- تحليل التعادل وقطاع السياحة والفنادق- المعلومات المحاسبية واتخاذ القرار في قطاع السياحة- محاسبة المسؤولية ورقابة الموازنة- النظام الموحد للحسابات في السياحة وتحليل أداء الأقسام في المشروعات السياحية والفندقية | ||
| 653 | _aالمحاسبة | ||
| 653 | _aالمحاسبة الإدارية | ||
| 653 | _aمحاسبة التكاليف | ||
| 942 | _cكتاب | ||
| 999 |
_c45276 _d45276 |
||